| 000 | 00411 a2200133 4500 | ||
|---|---|---|---|
| 001 | 87664 | ||
| 082 | _aPR 41 | ||
| 090 |
_c41123 _d41123 |
||
| 100 | _aSoaib Imran Abbasi, Plt Off 15465 70(B) EC | ||
| 245 | _aDesign and Fabrication of free space optical communication links | ||
| 260 |
_aRisalpur _bCAE PAF Academy Risalpur _c2011 |
||
| 300 |
_avi, 52p. _eAli Javed Hashmi, Sqn Ldr |
||
| 500 | _aBE Project Reports | ||
| 942 |
_aCAE NUST _kPR 41 |
||
| 999 |
_c322737 _d322737 |
||